01359nam a2200337Ia 4500001001200000003000800012006001900020007001500039008004100054010001700095020001800112020001500130040002100145035002100166050002900187100001800216245011500234260004300349300002600392490007000418504006400488533015200552650001700704650002000721655002900741700002000770710001700790830007100807856012600878999001701004ebr10255816CaPaEBRm u cr cn|||||||||071223s2008 si a sb 001 0 eng d z 2008297819 z9789812771711 z9812771719 aCaPaEBRcCaPaEBR a(OCoLC)64676878014aQA76.9.D343bR654 2008eb1 aRokach, Lior.10aData mining with decision treesh[electronic resource] :btheroy and applications /cLior Rokach, Oded Maimon. aSingapore :bWorld Scientific,cc2008. axviii, 244 p. :bill.1 aSeries in machine perception and artificial intelligence ;vv. 69 aIncludes bibliographical references (p. 215-242) and index. aElectronic reproduction.bPalo Alto, Calif. :cebrary,d2011.nAvailable via World Wide Web.nAccess may be limited to ebrary affiliated libraries. 0aData mining. 0aDecision trees. 7aElectronic books.2local1 aMaimon, Oded Z.2 aebrary, Inc. 0aSeries in machine perception and artificial intelligence ;vv. 69.40uhttp://site.ebrary.com/lib/rucke/Doc?id=10255816zAn electronic book accessible through the World Wide Web; click to view c15032d15032